000 00356 a2200169 4500
001 162156
020 _a85-7056-183-0
040 _cMagnum
100 _aLadeira, Julieta de Godoy
240 1 0 _aAté mais verde
_lpor
245 1 0 _aAté mais verde
300 _a56
362 0 _a1989
440 1 _aAtual
697 _aLITERATURA JUVENIL
942 _cBK
999 _c162156
_d162156